000 00568nam a22002173 4500
999 _c4081
_d4081
001 4081
003 BD-JhCC
005 20180325165014.0
008 961024s1938 enkac j 000 0 eng d
035 _a(BD-JhCC)4081
040 _aEQO
_cEQO
_dBD-JhCC
041 _aeng
082 _a823.914
_bPRI 1938
100 1 _aPritchard, F. H.
245 1 4 _aThe Children's Ali Baba /
_cF. H. Pritchard,
260 _aLond. &c.,
_c1938.
_bGeorge G. Harrap and Co. LTD.
300 _a63 p. :
_bill. ;
_c18 cm .
650 _aEnglish Stories
942 _2ddc
_cBK